| 000 | 00790cam a2200265 i 4500 | ||
|---|---|---|---|
| 999 |
_c129324 _d129324 |
||
| 001 | 2690398 | ||
| 003 | ARRUPE | ||
| 005 | 20190402095110.0 | ||
| 008 | 781121s1976 nyu b 001 0 eng | ||
| 010 | _a 75034707 | ||
| 020 | _a0876682336 | ||
| 040 |
_aDLC _cDLC _dDLC |
||
| 050 | 0 | 0 |
_aRJ504 _b.S27 |
| 082 | 0 | 0 | _a618.9/28/914 |
| 100 | 1 |
_aSarnoff, Charles A. _945609 |
|
| 245 | 1 | 0 |
_aLatency _c/ Charles Sarnoff. |
| 260 |
_aNew Jersey : _bJason Aronson, _cc1989. |
||
| 300 |
_axii, 402 p. ; _c24 cm. |
||
| 490 | 0 | _aClassical psychoanalysis and its applications | |
| 500 | _aIncludes index. | ||
| 504 | _aBibliography: p. [387]-394. | ||
| 650 | 0 |
_aChild psychotherapy. _945328 |
|
| 650 | 0 |
_aChild psychology. _96749 |
|
| 906 |
_a7 _bcbc _corignew _d3 _eocip _f19 _gy-gencatlg |
||
| 942 |
_2lcc _cMONOGRAPH |
||